000 00364nam a2200133Ia 4500
008 100328s9999 xx 000 0 und d
082 _b14039
100 _aकुंभोजकर श.अ.
245 _aशततारका
260 _bकिर्लोस्कर
630 _aशततारका
730 _aशततारका
942 _cBOOK
999 _c509046
_d509043